| 000 | 00000nam##2200000za#4500 |
| 001 | 9.632945 |
| 003 | CaOODSP |
| 005 | 20210624215102 |
| 007 | cr ||||||||||| |
| 008 | 150407|1999||||xxc|||||o f|0| 0 fre|d |
| 040 | |aCaOODSP|bfre |
| 043 | |an-cn--- |
| 086 | 1 |aSW21-42/1999F-PDF |
| 110 | 1 |aCanada. |bCondition féminine Canada. |
| 245 | 10|aL'évolution des soins à domicile et la fragilité financière des femmes / |h[ressource électronique]|c[par] Marika Morris ... [et al.]. |
| 260 | |aOttawa - Ontario : |bCondition féminine Canada |c1999. |
| 300 | |a126p.|bglossaire, tableaux |
| 500 | |a«La présente étude se fonde sur des travaux de recherche antérieurs pour montrer que le rôle des femmes en tant que prestataires de soins non rémunérées et sous-payées contribue à l'écart salarial entre les femmes et les hommes. Les auteurs ont en outre voulu vérifier si les politiques et pratiques actuelles en matière de soins à domicile ont des répercussions sur la fragilité financière des femmes.»--Résumé. |
| 500 | |aN.B.: Le n° de catalogue et ISBN imprimés dans cette publication sont incorrects. |
| 504 | |aBibliographie. |
| 520 | 3 |aLa présente étude se fonde sur des travaux de recherche antérieurs pour montrer que le rôle des femmes en tant que prestataires de soins non rémunérées et sous-payées contribue à l'écart salarial entre les femmes et les hommes. Les auteurs ont en outre voulu vérifier si les politiques et pratiques actuelles en matière de soins à domicile ont des répercussions sur la fragilité financière des femmes.--Résumé |
| 590 | |a06-10-Supp|b2006-12-15 |
| 691 | 07|aCondition de la femme|2gcpds |
| 691 | 07|aSoignant|2gcpds |
| 691 | 07|aSoins de santé|2gcpds |
| 720 | 1 |aMorris, Marika |
| 775 | 08|tThe changing nature of home care and its impact on women's vulnerability to poverty / |w(CaOODSP)9.688519 |
| 776 | 0#|tThe changing nature of home care and its impact women's vulnerability to poverty / |w(CaOODSP)9.661377 |
| 776 | 0#|tL'évolution des soins à domicile et la fragilité financière des femmes / |w(CaOODSP)9.661378 |
| 856 | 40|ahttp://publications.gc.ca|qPDF|s221 Ko|uhttps://publications.gc.ca/collections/Collection/SW21-42-1999-1F.pdf |
| 856 | 40|ahttp://publications.gc.ca|qPDF|s230 Ko|uhttps://publications.gc.ca/collections/Collection/SW21-42-1999-2F.pdf |
| 856 | 40|ahttp://publications.gc.ca|qPDF|s158 Ko|uhttps://publications.gc.ca/collections/Collection/SW21-42-1999-3F.pdf |
| 856 | 40|ahttp://publications.gc.ca|qPDF|s226 Ko|uhttps://publications.gc.ca/collections/Collection/SW21-42-1999-4F.pdf |